[Event "Barcelona Sant Marti op-B 22nd"]
[Site "Barcelona"]
[Date "2022.07.18"]
[Round "6"]
[White "Samper Gonzalez, Pedro"]
[Black "Carrasco Pedro, Jose Maria"]
[Result "1-0"]
[WhiteElo "1411"]
[BlackElo "1153"]
[PlyCount "107"]
[EventDate "2022.07.13"]
[EventType "swiss"]
[EventRounds "9"]
[EventCountry "ESP"]
[SourceTitle "CBM 210 Extra"]
[Source "ChessBase"]
[SourceDate "2022.11.30"]
[SourceVersion "1"]
[SourceVersionDate "2022.11.30"]
[SourceQuality "1"]

1. Nf3 d5 2. g3 e6 3. Bg2 Bd6 4. d3 Bd7 5. 0-0 Nf6 6. Re1 0-0 7. e4 dxe4 8. dxe4 e5 9. c4 h6 10. Nc3 Na6 11. Nd5 Nxd5 12. cxd5 Re8 13. Bd2 Bb4 14. Bxb4 Nxb4 15. Qb3 a5 16. Rac1 Bb5 17. Bf1 Bxf1 18. Kxf1 Qd7 19. Kg2 c6 20. a3 Na6 21. dxc6 bxc6 22. Qc3 Qe6 23. Qxc6 Qxc6 24. Rxc6 Nb8 25. Rc7 Na6 26. Rd7 Nc5 27. Rd5 Na4 28. Rb5 f6 29. Nd2 Reb8 30. Rxb8+ Rxb8 31. Nc4 Nc5 32. f3 Nd3 33. Rb1 Rc8 34. Ne3 Rc1 35. Rxc1 Nxc1 36. b4 axb4 37. axb4 Nb3 38. b5 Na5 39. Kf2 Kf8 40. Ke2 Ke7 41. Kd3 Kd6 42. Nd5 Kc5 43. b6 Kb5 44. f4 Nb7 45. Ke3 Kc6 46. g4 exf4+ 47. Kxf4 Nd6 48. e5 Kxd5 49. exd6 Kxd6 50. b7 Kc7 51. Kf5 Kxb7 52. Kg6 Kc6 53. Kxg7 h5 54. gxh5 1-0

[Event "Barcelona Sant Marti op 8th"]
[Site "Barcelona"]
[Date "2019.02.21"]
[Round "6"]
[White "Samper Gonzalez, Pedro"]
[Black "Albert Cristobal, Jorge"]
[Result "0-1"]
[WhiteElo "1345"]
[BlackElo "1700"]
[PlyCount "52"]
[EventDate "2019.01.17"]
[EventType "swiss"]
[EventRounds "9"]
[EventCountry "ESP"]
[SourceTitle "CBM 189 Extra"]
[Source "ChessBase"]
[SourceDate "2019.06.03"]
[SourceVersion "1"]
[SourceVersionDate "2019.06.03"]
[SourceQuality "1"]

1. e4 Nc6 2. Nf3 f5 3. e5 d6 4. Bb5 dxe5 5. Nxe5 Qd5 6. Bxc6+ bxc6 7. Nf3 Nf6 8. 0-0 e5 9. Nc3 Qa5 10. Nxe5 Bd6 11. d4 0-0 12. Nxc6 Qb6 13. Ne5 Bb7 14. Re1 Rad8 15. Qd3 Ne4 16. Qc4+ Kh8 17. Nf7+ Rxf7 18. Qxf7 Rf8 19. Qc4 Ba6 20. Qd5 c6 21. Qe6 Bc8 22. Qb3 Qxd4 23. Nxe4 fxe4 24. Qc3 Qxf2+ 25. Kh1 Qf1+ 26. Rxf1 Rxf1# 0-1

[Event "Barcelona Sant Marti op 8th"]
[Site "Barcelona"]
[Date "2019.01.24"]
[Round "2"]
[White "Serentill Tost, Eduard"]
[Black "Samper Gonzalez, Pedro"]
[Result "1-0"]
[WhiteElo "1669"]
[BlackElo "1345"]
[PlyCount "75"]
[EventDate "2019.01.17"]
[EventType "swiss"]
[EventRounds "9"]
[EventCountry "ESP"]
[SourceTitle "CBM 189 Extra"]
[Source "ChessBase"]
[SourceDate "2019.06.03"]
[SourceVersion "1"]
[SourceVersionDate "2019.06.03"]
[SourceQuality "1"]

1. e4 e5 2. Nf3 Nc6 3. Bb5 a6 4. Ba4 Nf6 5. 0-0 b5 6. Bb3 Bc5 7. c3 d6 8. d4 Bb6 9. Re1 0-0 10. Bg5 h6 11. Bh4 Re8 12. Bd5 Bb7 13. Nbd2 Rb8 14. h3 exd4 15. Bxc6 Bxc6 16. cxd4 Bb7 17. e5 g5 18. Nxg5 dxe5 19. Nge4 Kf8 20. Nxf6 Qxd4 21. Nf3 Bxf3 22. Qxd4 Bxd4 23. Nxe8 Bc6 24. Nxc7 a5 25. Rac1 Bd7 26. b3 f5 27. Nd5 Rb7 28. Rc7 Rxc7 29. Nxc7 Kf7 30. Rc1 f4 31. Kf1 e4 32. Nd5 Be5 33. Nb6 Be6 34. Rc5 Bd4 35. Rxb5 f3 36. Nc4 a4 37. Ne5+ Ke8 38. Rb8+ 1-0

[Event "Barcelona Sant Marti op-B 20th"]
[Site "Barcelona"]
[Date "2018.07.19"]
[Round "7"]
[White "Samper Gonzalez, Pedro"]
[Black "Casas Vinas, Arthur"]
[Result "0-1"]
[WhiteElo "1470"]
[BlackElo "1249"]
[PlyCount "60"]
[EventDate "2018.07.13"]
[EventType "swiss"]
[EventRounds "9"]
[EventCountry "ESP"]
[SourceTitle "EXT 2019"]
[Source "ChessBase"]
[SourceDate "2018.10.10"]
[SourceVersion "1"]
[SourceVersionDate "2018.10.10"]
[SourceQuality "1"]

1. e4 c5 2. Nf3 g6 3. d4 cxd4 4. Nxd4 Bg7 5. Be3 Nc6 6. Nc3 Nf6 7. Bc4 Qa5 8. 0-0 0-0 9. a3 d6 10. b4 Qd8 11. Bb3 Ng4 12. Qd2 Nxe3 13. Nxc6 Nxf1 14. Nxe7+ Qxe7 15. Rxf1 Bxc3 16. Qxc3 Qxe4 17. Re1 Qf5 18. Qc7 Qg5 19. Kf1 Qh5 20. Kg1 b6 21. c3 Qg5 22. Kf1 Bf5 23. Bc4 Rac8 24. Bxf7+ Rxf7 25. Qxd6 Rd8 26. Qe5 Bd3+ 27. Kg1 Qxe5 28. Rxe5 Ba6 29. h3 Rd1+ 30. Kh2 Rxf2 0-1

[Event "Barcelona Sant Marti op-B 20th"]
[Site "Barcelona"]
[Date "2018.07.17"]
[Round "5"]
[White "Samper Gonzalez, Pedro"]
[Black "Del Rio Baena, Dani"]
[Result "1-0"]
[WhiteElo "1470"]
[BlackElo "1050"]
[PlyCount "55"]
[EventDate "2018.07.13"]
[EventType "swiss"]
[EventRounds "9"]
[EventCountry "ESP"]
[SourceTitle "EXT 2019"]
[Source "ChessBase"]
[SourceDate "2018.10.10"]
[SourceVersion "1"]
[SourceVersionDate "2018.10.10"]
[SourceQuality "1"]

1. e4 e6 2. d4 d5 3. exd5 exd5 4. c4 c6 5. Nc3 Nf6 6. Nf3 Bd6 7. Bd3 0-0 8. 0-0 Bg4 9. h3 Bh5 10. Bg5 Be7 11. Re1 Re8 12. Re3 dxc4 13. Bxc4 Nbd7 14. Qd2 Bb4 15. a3 Ba5 16. b4 Bc7 17. Rae1 Rxe3 18. Qxe3 Qe8 19. Ne5 Nxe5 20. dxe5 Nd7 21. e6 fxe6 22. Bxe6+ Kh8 23. Ne2 Bxe2 24. Qxe2 h6 25. Bd2 Qe7 26. Bc3 Re8 27. Qh5 b5 28. Qxh6# 1-0